Statistics for Liga 2010's Winners Starting XI

Click here to take the quiz!

General Stats

  • This quiz has been taken 5,531 times
    (5,010 since last reset)
  • The average score is 47 of 57

Answer Stats

Player% Correct
Lionel Messi
99%
Luis Suarez
99%
Marc-André ter Stegen
99%
Neymar
99%
Cristiano Ronaldo
98%
Gérard Piqué
98%
Keylor Navas
98%
Luka Modrić
98%
Ivan Rakitić
97%
Karim Benzema
97%
Sergio Ramos
97%
Toni Kroos
97%
Andrés Iniesta
96%
Thibaut Courtois
96%
Dani Alves
95%
Jordi Alba
95%
Marcelo
95%
Sergio Busquets
95%
Xavi
95%
Casemiro
94%
Iker Casillas
94%
Arturo Vidal
93%
Victor Valdés
93%
Claudio Bravo
92%
Dani Carvajal
92%
Zlatan Ibrahimović
92%
Javier Mascherano
91%
David Villa
90%
David Villa
90%
Pepe
90%
Samuel Umtiti
89%
Diego Godín
88%
Pedro
87%
Clément Lenglet
83%
Carles Puyol
82%
Mesut Özil
81%
Isco
80%
Nacho
80%
Sergi Roberto
80%
Arda Turan
79%
Eric Abidal
79%
Sami Khedira
79%
Philippe Coutinho
78%
Koke
76%
Xabi Alonso
71%
Filipe Luis
64%
Seydou Keita
63%
Diego Costa
60%
Alvaro Arbeloa
59%
Paulinho
59%
Juanfran
58%
Kaká
56%
Gabi
52%
Miranda
52%
Maxwell
50%
Cesc Fabregas
42%
Tiago
41%

Score Distribution

Percentile by Number Answered

Percent of People with Each Score

Your Score History

You have not taken this quiz since the last reset